[Event "Rated Blitz game"]
[Site "?"]
[Date "2021.03.01"]
[Round "?"]
[White "lederman"]
[Black "MagnusPalmi"]
[Result "1-0"]
[WhiteElo "2389"]
[BlackElo "2402"]
[PlyCount "155"]
[EventDate "2021.??.??"]
[EventType "blitz"]
[TimeControl "180+2"]

1. e4 e5 2. Nf3 Nc6 3. Nc3 Nf6 4. Nxe5 Nxe5 5. d4 Nxe4 6. Nxe4 Ng6 7. d5 Bb4+
8. c3 Ba5 9. Bg5 f6 10. Be3 O-O 11. d6 Re8 12. Qd5+ Kh8 13. Qxa5 Rxe4 14. Bd3
Re5 15. Qxc7 Qxc7 16. dxc7 Nf4 17. Bf1 Nd5 18. Kd2 Nxc7 19. Bd3 d5 20. Bf4 Re7
21. Rhe1 Ne6 22. Bd6 Re8 23. Bb5 Rd8 24. Be7 Rg8 25. Re3 a6 26. Ba4 b5 27. Bc2
Ra7 28. Bd6 Rd8 29. Bg3 d4 30. Rd3 Rad7 31. Re1 dxc3+ 32. Kxc3 Rxd3+ 33. Bxd3
Kg8 34. Bc2 Nc5 35. b4 Na4+ 36. Bxa4 bxa4 37. Re7 Kf8 38. Ra7 Re8 39. Bd6+ Kg8
40. Bc5 h6 41. Kd4 Kh7 42. Kd5 Re2 43. a3 Ra2 44. Bf8 Kg6 45. Rxg7+ Kf5 46. Rg3
Be6+ 47. Kc6 Bb3 48. Kb6 Bc4 49. Kc5 Bb5 50. Bxh6 Rxf2 51. h4 Ke6 52. Bg7 Rc2+
53. Kb6 Rc6+ 54. Kb7 Rc2 55. h5 Rc1 56. h6 Rh1 57. Re3+ Kf7 58. Rf3 Kg6 59.
Rxf6+ Kh7 60. g4 Rh3 61. g5 Bd3 62. Kb6 Bg6 63. Kxa6 Rxa3 64. b5 Rb3 65. b6 a3
66. Rf2 Bd3+ 67. Ka7 Be4 68. Ra2 Rd3 69. Bf8 Rd7+ 70. Ka6 Bb7+ 71. Kb5 Rd5+ 72.
Kc4 Rxg5 73. Rxa3 Kg8 74. Bg7 Bd5+ 75. Kd4 Bg2 76. Ra7 Rb5 77. Be5 Rxb6 78. h7+
{Normal} 1-0

[Event "Rated Blitz game"]
[Site "?"]
[Date "2021.02.28"]
[Round "?"]
[White "lederman"]
[Black "Marazm1972"]
[Result "0-1"]
[WhiteElo "2417"]
[BlackElo "2433"]
[PlyCount "124"]
[EventDate "2021.??.??"]
[EventType "blitz"]
[TimeControl "180+2"]

1. e4 e5 2. Nf3 Nc6 3. Nc3 Nf6 4. Nxe5 Nxe5 5. d4 Nc6 6. d5 Ne7 7. e5 Nfg8 8.
Be3 d6 9. f4 Nf5 10. Bf2 dxe5 11. fxe5 Ngh6 12. Qf3 Bb4 13. O-O-O Bxc3 14. Qxc3
O-O 15. h3 Re8 16. g4 Nh4 17. Qg3 Ng6 18. e6 fxe6 19. dxe6 Qe7 20. Bc4 Bxe6 21.
Rhe1 Nf8 22. Rd4 Nf7 23. Rde4 Ng5 24. Re5 Qb4 25. Bb3 Bxb3 26. Rxe8 Rxe8 27.
Rxe8 Bxa2 28. Qe5 Nge6 29. b3 Qa3+ 30. Qb2 Qa6 31. c4 Kf7 32. Rc8 Nd7 33. Bg3
Ndc5 34. Qf2+ Ke7 35. Bh4+ Kd7 36. Qf7+ Kc6 37. Qe8+ Kb6 38. Bf2 Qa3+ 39. Kd1
Qxb3+ 40. Ke1 Qb1+ 41. Ke2 Bxc4+ 42. Kf3 Qd3+ 43. Kg2 Qe4+ 44. Kh2 Qe5+ 45. Bg3
Qe2+ 46. Kg1 Qe3+ 47. Kh2 Qe2+ 48. Kg1 Qe3+ 49. Bf2 Qc1+ 50. Kh2 Qf4+ 51. Kg1
Qe4 52. Bxc5+ Kxc5 53. Rxc7+ Kb4 54. Qe7+ Kc3 55. Qa3+ Kd4 56. Rd7+ Ke5 57.
Qd6+ Kf6 58. Qe7+ Ke5 59. Qd6+ Kf6 60. Qe7+ Kg6 61. Qf7+ Kg5 62. Qh5+ Kf4 {
Time forfeit} 0-1

[Event "Rated Blitz game"]
[Site "?"]
[Date "2021.02.28"]
[Round "?"]
[White "Penicillus"]
[Black "sierra92"]
[Result "0-1"]
[WhiteElo "2306"]
[BlackElo "2402"]
[PlyCount "84"]
[EventDate "2021.??.??"]
[EventType "blitz"]
[TimeControl "180"]

1. e4 e5 2. Nf3 Nc6 3. Nc3 Nf6 4. Nxe5 Nxe5 5. d4 d6 6. dxe5 dxe5 7. Qxd8+ Kxd8
8. Bg5 Be7 9. O-O-O+ Ke8 10. f3 c6 11. a4 Be6 12. a5 a6 13. Be3 Bb4 14. Bb6
Bxc3 15. bxc3 Nd7 16. Be3 Rd8 17. Be2 f6 18. Kb2 Nb8 19. Bb6 Rxd1 20. Rxd1 Nd7
21. Be3 Kd8 22. g4 Kc7 23. h4 c5 24. c4 Kc6 25. Kc3 Rf8 26. g5 f5 27. Bd3 f4
28. Bf2 g6 29. Rh1 Bf7 30. Bf1 Rd8 31. Bh3 Nf8 32. Bg4 Be6 33. h5 Bxg4 34. fxg4
Ne6 35. hxg6 hxg6 36. Rh6 Rg8 37. Bh4 Nd4 38. Bf2 Nf3 39. Rh7 Nxg5 40. Re7
Nxe4+ 41. Kb2 Nxf2 42. Rxe5 Nxg4 {Normal} 0-1

[Event "Rated Blitz game"]
[Site "?"]
[Date "2021.02.28"]
[Round "?"]
[White "JakeShneiper"]
[Black "neurobyte"]
[Result "1-0"]
[WhiteElo "2295"]
[BlackElo "2418"]
[PlyCount "45"]
[EventDate "2021.??.??"]
[EventType "blitz"]
[TimeControl "180"]

1. e4 e5 2. Nf3 Nc6 3. Nc3 Nf6 4. Nxe5 Nxe5 5. d4 Bb4 6. dxe5 Nxe4 7. Qd4 Nxc3
8. Qxb4 Nd5 9. Qg4 Kf8 10. Bg5 Qe8 11. O-O-O Qxe5 12. Bc4 d6 13. Qh4 Be6 14.
Rhe1 Qf5 15. g4 Qf3 16. Rd3 Qg2 17. f3 Nb4 18. Rc3 Bxc4 19. Rxc4 Nd5 20. Rce4
f6 21. Qh5 g6 22. Bh6+ Kf7 23. Qxd5# {Normal} 1-0

[Event "Rated Blitz game"]
[Site "?"]
[Date "2021.02.28"]
[Round "?"]
[White "lederman"]
[Black "AMC2"]
[Result "1-0"]
[WhiteElo "2405"]
[BlackElo "2646"]
[PlyCount "45"]
[EventDate "2021.??.??"]
[EventType "blitz"]
[TimeControl "180+2"]

1. e4 e5 2. Nf3 Nc6 3. Nc3 Nf6 4. Nxe5 Nxe5 5. d4 Ng6 6. e5 Ng8 7. Bc4 c6 8.
Qf3 d5 9. exd6 Be6 10. d5 Ne5 11. Qe2 Nxc4 12. dxe6 Nxd6 13. exf7+ Kxf7 14. Be3
Qa5 15. O-O-O Nf6 16. g4 Re8 17. g5 Nfe4 18. Nxe4 Nxe4 19. Rd7+ Ke6 20. Rhd1
Bd6 21. Qg4+ Qf5 22. R1xd6+ Nxd6 23. Rxd6+ {Normal} 1-0

[Event "Rated Rapid tournament ttlUuh4D"]
[Site "?"]
[Date "2021.02.27"]
[Round "?"]
[White "benjaminkreutzfeld"]
[Black "Brind582"]
[Result "0-1"]
[WhiteElo "2430"]
[BlackElo "2308"]
[PlyCount "28"]
[EventDate "2021.??.??"]
[EventType "rapid"]
[TimeControl "600"]

1. e4 e5 2. Nf3 Nc6 3. Nc3 Nf6 4. Nxe5 Nxe5 5. d4 Ng6 6. e5 Bb4 7. exf6 Qxf6 8.
Be3 O-O 9. Bd3 d5 10. O-O c6 11. Re1 Bf5 12. g3 Rfe8 13. Qf3 Bxd3 14. cxd3 Qxf3
{Normal} 0-1

[Event "Rated Blitz game"]
[Site "?"]
[Date "2021.02.27"]
[Round "?"]
[White "lederman"]
[Black "Papa_1960"]
[Result "0-1"]
[WhiteElo "2406"]
[BlackElo "2540"]
[PlyCount "92"]
[EventDate "2021.??.??"]
[EventType "blitz"]
[TimeControl "180+2"]

1. e4 e5 2. Nf3 Nc6 3. Nc3 Nf6 4. Nxe5 Nxe5 5. d4 Ng6 6. e5 Bb4 7. exf6 Qxf6 8.
Be3 O-O 9. a3 Bxc3+ 10. bxc3 d5 11. g3 Bf5 12. h4 Be4 13. Rg1 h6 14. Qd2 Rfe8
15. Bb5 Re6 16. h5 Ne7 17. g4 Bf3 18. Kf1 Qh4 19. Be2 Qh3+ 20. Ke1 Re8 21. Bxf3
Qxf3 22. Qe2 Qe4 23. Kd2 Nc8 24. Qd3 Nd6 25. Qxe4 Rxe4 26. Rae1 Nc4+ 27. Kd3
Nxa3 28. g5 hxg5 29. Rxg5 c6 30. Reg1 g6 31. hxg6 f6 32. Rh5 R8e7 33. Rgh1 Kg7
34. Rh6 Nc4 35. Bc1 Re1 36. Rh7+ Kxg6 37. R1h6+ Kf5 38. Rh5+ Ke6 39. Rxe7+ Kxe7
40. Rh7+ Ke6 41. Bf4 Rd1+ 42. Ke2 Rb1 43. Kf3 a5 44. Rh8 a4 45. Ra8 a3 46. Kg4
Rb2 {Normal} 0-1

[Event "Rated Blitz game"]
[Site "?"]
[Date "2021.02.27"]
[Round "?"]
[White "SureDo"]
[Black "MWeedkiller"]
[Result "0-1"]
[WhiteElo "2319"]
[BlackElo "2490"]
[PlyCount "98"]
[EventDate "2021.??.??"]
[EventType "blitz"]
[TimeControl "180+2"]

1. e4 e5 2. Nf3 Nc6 3. Nc3 Nf6 4. Nxe5 Nxe5 5. d4 Nc6 6. d5 Bb4 7. dxc6 bxc6 8.
Qd4 c5 9. Qd3 O-O 10. Bg5 h6 11. Bh4 Re8 12. f3 d5 13. O-O-O g5 14. Bf2 d4 15.
Ne2 Be6 16. c3 dxc3 17. Nxc3 Qxd3 18. Bxd3 c4 19. Bc2 Bd6 20. g3 Nd7 21. Ba4
Red8 22. Bc6 Rab8 23. Bxa7 Rb4 24. Nd5 Bxd5 25. Rxd5 Ne5 26. Rxe5 Bxe5 27. a4
Bxb2+ 28. Kc2 Bg7 29. Rb1 Rxb1 30. Kxb1 Bd4 31. Bxd4 Rxd4 32. a5 Rd3 33. a6 Ra3
34. Bb7 c3 35. Kc2 c5 36. f4 gxf4 37. gxf4 Kf8 38. e5 f6 39. e6 f5 40. h4 Ke7
41. Bc8 c4 42. h5 Kd6 43. e7 Kxe7 44. Bxf5 Rxa6 45. Kxc3 Rf6 46. Bg6 Rxf4 47.
Kb4 Kd6 48. Kb5 Kd5 49. Bf7+ Rxf7 {Normal} 0-1

[Event "Rated Blitz game"]
[Site "?"]
[Date "2021.02.26"]
[Round "?"]
[White "shuriks91"]
[Black "Vladfx3"]
[Result "1-0"]
[WhiteElo "2564"]
[BlackElo "2411"]
[PlyCount "75"]
[EventDate "2021.??.??"]
[EventType "blitz"]
[TimeControl "180"]

1. e4 e5 2. Nf3 Nc6 3. Nc3 Nf6 4. Nxe5 Nxe5 5. d4 Ng6 6. e5 Ng8 7. Bc4 Bb4 8.
Qf3 Qe7 9. O-O Bxc3 10. bxc3 Nh6 11. a4 O-O 12. Ba3 d6 13. Rfe1 Qd8 14. Rad1
Be6 15. Bxe6 fxe6 16. Qxb7 Qd7 17. exd6 Qxa4 18. Qb3 Qxb3 19. cxb3 cxd6 20.
Rxe6 Rfc8 21. c4 Rab8 22. Bxd6 Rxb3 23. c5 Nf5 24. g3 a5 25. Be5 a4 26. Ra6 a3
27. c6 Nxe5 28. dxe5 Rc3 29. Rd7 R8xc6 30. Raa7 h5 31. h3 R3c4 32. Rxa3 Re4 33.
Ra5 Re6 34. Rdd5 Ne7 35. Rdc5 Ng6 36. Kg2 R4xe5 37. Rc8+ Kh7 38. Raa8 {Time
forfeit} 1-0

[Event "Rated Blitz game"]
[Site "?"]
[Date "2021.02.26"]
[Round "?"]
[White "NigerianMachine"]
[Black "giftedhandz"]
[Result "1-0"]
[WhiteElo "2404"]
[BlackElo "2309"]
[PlyCount "113"]
[EventDate "2021.??.??"]
[EventType "blitz"]
[TimeControl "180"]

1. e4 e5 2. Nf3 Nc6 3. Nc3 Nf6 4. Nxe5 Nxe5 5. d4 Nc6 6. d5 Bc5 7. dxc6 bxc6 8.
e5 Qe7 9. Qe2 Nd5 10. Nxd5 cxd5 11. h4 h6 12. Bf4 a5 13. O-O-O O-O 14. Rxd5 Rb8
15. Qc4 Bb6 16. Bg3 Bb7 17. Rd3 Bc6 18. Kb1 a4 19. f4 Ba7 20. Qc3 a3 21. Qxa3
Bc5 22. Qc3 Bb4 23. Qd4 Bc5 24. Qc4 Rb4 25. Qc3 Rfb8 26. b3 R4b7 27. f5 Be4 28.
f6 Qe6 29. Qxc5 Bxd3 30. Bxd3 d6 31. exd6 cxd6 32. Qxd6 Re8 33. Qxe6 Rxe6 34.
fxg7 Kxg7 35. Re1 Rbe7 36. Rxe6 Rxe6 37. a4 h5 38. a5 Re7 39. a6 Ra7 40. Bb8
Ra8 41. a7 Kf6 42. Be4 Rxa7 43. Bxa7 Ke5 44. Bh7 f5 45. Bf2 f4 46. Bd3 Kf6 47.
b4 Ke5 48. b5 Kd6 49. c4 Kc7 50. c5 Kb7 51. Be4+ Kb8 52. Bd4 Kc8 53. b6 Kb8 54.
Be5+ Kc8 55. c6 f3 56. b7+ Kd8 57. Bd6 {Normal} 1-0

[Event "Rated Blitz game"]
[Site "?"]
[Date "2021.02.26"]
[Round "?"]
[White "Magister_Yoda"]
[Black "shiai"]
[Result "1-0"]
[WhiteElo "2459"]
[BlackElo "2299"]
[PlyCount "33"]
[EventDate "2021.??.??"]
[EventType "blitz"]
[TimeControl "180"]

1. e4 e5 2. Nf3 Nc6 3. Nc3 Nf6 4. Nxe5 Nxe5 5. d4 Ng6 6. e5 Bb4 7. exf6 Qxf6 8.
Be2 d5 9. O-O Bxc3 10. bxc3 O-O 11. c4 dxc4 12. Bxc4 Be6 13. Bb3 Rfd8 14. Be3
Nf4 15. c4 Qg5 16. Qf3 Nh3+ 17. Qxh3 {Normal} 1-0

[Event "Rated Blitz tournament nHHCpOIJ"]
[Site "?"]
[Date "2021.02.25"]
[Round "?"]
[White "ainakul"]
[Black "OhanyanEminChess"]
[Result "0-1"]
[WhiteElo "2264"]
[BlackElo "2497"]
[PlyCount "154"]
[EventDate "2021.??.??"]
[EventType "blitz"]
[TimeControl "180"]

1. e4 e5 2. Nf3 Nc6 3. Nc3 Nf6 4. Nxe5 Nxe5 5. d4 Ng6 6. e5 Ng8 7. Bc4 d5 8.
Bxd5 N8e7 9. Bb3 Nf5 10. Be3 Nxe3 11. fxe3 Be6 12. d5 Bc8 13. Qh5 Qh4+ 14. Qxh4
Nxh4 15. O-O Bc5 16. Rae1 Nf5 17. Rf3 O-O 18. Ne4 Bb6 19. c4 Nh6 20. c5 Ba5 21.
Ref1 Bg4 22. Rf4 Rae8 23. h3 Bc8 24. d6 Rxe5 25. Bc4 Kh8 26. a3 b5 27. Bxb5 Bb7
28. b4 Bxe4 29. bxa5 cxd6 30. cxd6 Bg6 31. a4 Rd5 32. d7 Rd8 33. Rd4 Rxd4 34.
exd4 Ng8 35. Re1 Nf6 36. Rc1 Bf5 37. Rc7 Bxd7 38. Rxa7 g6 39. a6 Be6 40. Rb7
Bd5 41. Rb6 Ne4 42. a7 Nd6 43. Rb8 Rg8 44. Rxg8+ Kxg8 45. a5 Ba8 46. a6 Nxb5
47. Kh2 Bd5 48. Kg3 Ba8 49. Kh2 Nxa7 50. Kg3 Bd5 51. Kf2 Nb5 52. Ke3 Ba8 53.
Kd2 Nxd4 54. Ke1 Nc6 55. Kf2 Nb8 56. Kg3 Nxa6 57. Kh2 Nc7 58. Kg1 Ne6 59. Kf2
Kg7 60. Ke1 Kf6 61. Kd2 Ke7 62. Kc1 f5 63. Kd2 Kf6 64. Ke1 g5 65. Kf2 h6 66.
Kg1 g4 67. Kh2 gxh3 68. Kg1 Ke5 69. Kf2 f4 70. Kg1 Kd6 71. gxh3 Ng5 72. Kh2 Ke5
73. Kg1 Nf3+ 74. Kf2 Nd4 75. Ke1 Kf5 76. Kd2 Ne6 77. Kc1 Ke4 {Time forfeit} 0-1

[Event "Rated Blitz game"]
[Site "?"]
[Date "2021.02.24"]
[Round "?"]
[White "brunosten"]
[Black "FermanAlkan"]
[Result "1-0"]
[WhiteElo "2466"]
[BlackElo "2327"]
[PlyCount "91"]
[EventDate "2021.??.??"]
[EventType "blitz"]
[TimeControl "180"]

1. e4 e5 2. Nf3 Nc6 3. Nc3 Nf6 4. Nxe5 Nxe5 5. d4 Ng6 6. e5 Ng8 7. Bc4 Bb4 8.
Qf3 Qe7 9. O-O Bxc3 10. bxc3 Nh6 11. g3 O-O 12. Qh5 d5 13. Bxd5 Bg4 14. Qg5
Qxg5 15. Bxg5 c6 16. Bg2 Bf5 17. Bxh6 gxh6 18. Rac1 Rfe8 19. f4 Ne7 20. Kf2 Nd5
21. c4 Nc3 22. Ke3 Rad8 23. a3 Na4 24. d5 Nb6 25. Kd4 cxd5 26. cxd5 Rc8 27. c4
Na4 28. c5 Rc7 29. d6 Rd7 30. c6 Rdd8 31. c7 Rc8 32. Bxb7 Nb6 33. Bxc8 Bxc8 34.
Rb1 f6 35. Rf3 fxe5+ 36. fxe5 Nd7 37. Re3 Rf8 38. e6 Nb6 39. d7 Bxd7 40. exd7
Nxd7 41. Re7 Nb6 42. Kc5 Rc8 43. Rxb6 axb6+ 44. Kxb6 Ra8 45. Kb7 Rxa3 46. c8=Q#
{Normal} 1-0

[Event "Rated Blitz game"]
[Site "?"]
[Date "2021.02.24"]
[Round "?"]
[White "maximsnigurov"]
[Black "warredw"]
[Result "0-1"]
[WhiteElo "2521"]
[BlackElo "2490"]
[PlyCount "144"]
[EventDate "2021.??.??"]
[EventType "blitz"]
[TimeControl "180"]

1. e4 e5 2. Nf3 Nc6 3. Nc3 Nf6 4. Nxe5 Nxe5 5. d4 Nc6 6. d5 Bb4 7. dxc6 Nxe4 8.
Qg4 Qe7 9. Be2 Nxc3 10. bxc3 Bxc3+ 11. Bd2 Bxa1 12. O-O O-O 13. Rxa1 dxc6 14.
Qf3 Re8 15. Bd3 Qf6 16. Qxf6 gxf6 17. Bc3 Kg7 18. Rb1 b6 19. Rb4 c5 20. Rf4 Re6
21. g4 h6 22. h4 Re5 23. Bxe5 fxe5 24. Re4 f6 25. f4 Bb7 26. Re1 Re8 27. Bb5
Re7 28. g5 hxg5 29. hxg5 fxg5 30. fxe5 g4 31. Kf2 Kg6 32. Kg3 Bf3 33. Bd3+ Kg5
34. e6 Kf6 35. Bc4 c6 36. a4 a6 37. Bxa6 Rxe6 38. Rxe6+ Kxe6 39. Kf4 Kf6 40.
Bd3 Ke6 41. Bc4+ Kd6 42. Bg8 Kc7 43. Bc4 Kb7 44. Bd3 Ka7 45. Bc4 Bd1 46. Bd3
Kb7 47. Be4 Kc7 48. Bd3 Kd6 49. Be4 b5 50. a5 Kc7 51. a6 Kb6 52. a7 Kxa7 53.
Bxc6 Kb6 54. Be4 c4 55. c3 Kc5 56. Ke3 b4 57. cxb4+ Kxb4 58. Bf5 c3 59. Bg6 Kb3
60. Bf5 Kb2 61. Bg6 c2 62. Kd2 c1=Q+ 63. Ke1 Bf3+ 64. Kf2 Qd2+ 65. Kg3 Qd6+ 66.
Kh4 Qxg6 67. Kg3 Qd6+ 68. Kh4 Qh2+ 69. Kg5 g3 70. Kf4 g2+ 71. Ke3 g1=Q+ 72. Kd3
Qe2# {Normal} 0-1

[Event "Rated Blitz tournament wiHX4QHO"]
[Site "?"]
[Date "2021.02.23"]
[Round "?"]
[White "vladlitus"]
[Black "shahmatpatblog"]
[Result "0-1"]
[WhiteElo "2404"]
[BlackElo "2261"]
[PlyCount "68"]
[EventDate "2021.??.??"]
[EventType "blitz"]
[TimeControl "180"]

1. e4 e5 2. Nc3 Nc6 3. Nf3 Nf6 4. Nxe5 Nxe5 5. d4 Nxe4 6. Nxe4 Ng6 7. Bd3 d5 8.
Ng5 Be7 9. Qh5 Qd7 10. h3 Bxg5 11. Bxg5 Qe6+ 12. Kd2 Qb6 13. Rae1+ Be6 14. Bxg6
fxg6 15. Qg4 Kd7 16. Qh4 h6 17. Be3 g5 18. Qg3 Qxb2 19. Rb1 Qxa2 20. Rxb7 Qa5+
21. Kc1 Rab8 22. Qe5 Rxb7 23. Qxg7+ Kc6 24. Qxh8 Qa1+ 25. Kd2 Qxh1 26. Qe8+ Bd7
27. Qg6+ Kb5 28. Qf7 Bc6 29. Qe7 Rb6 30. Qc5+ Ka6 31. Qe7 Kb7 32. Qd8 Qxg2 33.
h4 gxh4 34. Kc3 Qe4 {Time forfeit} 0-1

[Event "Rated Blitz game"]
[Site "?"]
[Date "2021.02.23"]
[Round "?"]
[White "Vyka"]
[Black "Kravtsov_Sergey"]
[Result "0-1"]
[WhiteElo "2447"]
[BlackElo "2388"]
[PlyCount "92"]
[EventDate "2021.??.??"]
[EventType "blitz"]
[TimeControl "180"]

1. e4 Nf6 2. Nc3 e5 3. Nf3 Nc6 4. Nxe5 Nxe5 5. d4 Ng6 6. e5 Ng8 7. Bc4 Bb4 8.
Qf3 f6 9. h4 Qe7 10. Bd2 d6 11. Nd5 Bxd2+ 12. Kxd2 Qd8 13. h5 Nxe5 14. dxe5
dxe5 15. Ke2 c6 16. Ne3 Nh6 17. Qg3 Qe7 18. Rad1 Bd7 19. Rd2 O-O-O 20. Rhd1 Bf5
21. Nxf5 Nxf5 22. Qg4 g6 23. hxg6 hxg6 24. c3 Rxd2+ 25. Rxd2 Rd8 26. Qxg6 Rxd2+
27. Kxd2 Nd6 28. Be2 Kc7 29. Kc2 a5 30. g4 e4 31. Qh6 Qe5 32. Qg7+ Kb6 33. Qh6
Qg5 34. Qf8 Qe5 35. Qd8+ Ka7 36. Qc7 Ka8 37. a4 Ka7 38. Qd8 e3 39. fxe3 Qe4+
40. Bd3 Qe5 41. Qc7 Ka8 42. e4 Ka7 43. Qd8 Qh2+ 44. Kb3 Qe5 45. Kc2 Nb5 46. Qc7
Nxc7 {Time forfeit} 0-1

[Event "Rated Blitz tournament 5V952242"]
[Site "?"]
[Date "2021.02.23"]
[Round "?"]
[White "TheRealPietzsch"]
[Black "LEV2310"]
[Result "0-1"]
[WhiteElo "2341"]
[BlackElo "2441"]
[PlyCount "80"]
[EventDate "2021.??.??"]
[EventType "blitz"]
[TimeControl "180"]

1. e4 e5 2. Nf3 Nc6 3. Nc3 Nf6 4. Nxe5 Nxe5 5. d4 Nc6 6. d5 Ne5 7. f4 Ng6 8. e5
Rg8 9. Bc4 a6 10. exf6 Qxf6 11. Be3 b5 12. Bb3 Bb7 13. Qd2 O-O-O 14. O-O-O Re8
15. a4 b4 16. Ne2 Bd6 17. g3 Re7 18. Nd4 Rge8 19. Rhe1 Kb8 20. Bc4 Nxf4 21.
gxf4 Rxe3 22. Rxe3 Rxe3 23. Kb1 Bxf4 24. Qxb4 Re4 25. Bxa6 Qxa6 26. Nc6+ dxc6
27. Qxe4 Bd6 28. b3 cxd5 29. Qe8+ Ka7 30. Qxf7 Qe2 31. Rf1 d4 32. Rf5 Be4 33.
Ra5+ Kb6 34. Rb5+ Ka6 35. Qc4 Qxc4 36. bxc4 d3 37. cxd3 Bxd3+ 38. Kb2 Bxc4 39.
Rg5 h6 40. Rxg7 Be5+ {Normal} 0-1

[Event "Rated Blitz game"]
[Site "?"]
[Date "2021.02.22"]
[Round "?"]
[White "lederman"]
[Black "Verdik"]
[Result "1-0"]
[WhiteElo "2433"]
[BlackElo "2425"]
[PlyCount "47"]
[EventDate "2021.??.??"]
[EventType "blitz"]
[TimeControl "180+2"]

1. e4 e5 2. Nc3 Nf6 3. Nf3 Nc6 4. Nxe5 Nxe5 5. d4 Ng6 6. e5 Ng8 7. Bc4 Bb4 8.
O-O N8e7 9. f4 b5 10. Bxf7+ Kxf7 11. f5 Bxc3 12. fxg6+ Kg8 13. bxc3 Nxg6 14.
Qf3 h6 15. Qxa8 Kh7 16. Qe4 Re8 17. Bf4 Qe7 18. Rf3 c6 19. Rg3 Qe6 20. h4 h5
21. Rf1 d5 22. Qd3 Bd7 23. Bc1 Re7 24. Rf6 {Normal} 1-0

[Event "Rated Rapid game"]
[Site "?"]
[Date "2021.02.22"]
[Round "?"]
[White "UweGrant"]
[Black "hr_2"]
[Result "0-1"]
[WhiteElo "2361"]
[BlackElo "2406"]
[PlyCount "132"]
[EventDate "2021.??.??"]
[EventType "rapid"]
[TimeControl "600"]

1. e4 e5 2. Nf3 Nc6 3. Nc3 Nf6 4. Nxe5 Nxe5 5. d4 Nc6 6. d5 Bb4 7. dxc6 Nxe4 8.
Qd4 Qe7 9. Be3 O-O 10. Bd3 Nxc3 11. bxc3 Ba5 12. cxb7 Bxb7 13. O-O Bb6 14. Qf4
Bxe3 15. fxe3 d6 16. Rab1 Bd5 17. c4 Bc6 18. c5 dxc5 19. Bc4 Kh8 20. Bd3 Rae8
21. Rbe1 Qe5 22. Qh4 g6 23. h3 f5 24. Qh6 Qg7 25. Qf4 Qe5 26. Qh6 Bd5 27. e4
Bg8 28. exf5 Qxe1 29. Rxe1 Rxe1+ 30. Kf2 Ree8 31. g4 c4 32. Be2 gxf5 33. g5 Rf7
34. Bh5 Ref8 35. Bxf7 Rxf7 36. Qe6 Kg7 37. Qh6+ Kh8 38. Qa6 c5 39. Qxc4 Kg7 40.
Qxc5 Kg6 41. h4 Kh5 42. Qc8 Rg7 43. Qe8+ Bf7 44. Qe5 Rg6 45. Qxf5 Be6 46. Qe4
Bg4 47. Kg3 Bd1 48. c4 h6 49. Qe8 hxg5 50. Qh8+ Rh6 51. Qe8+ Rg6 52. hxg5 Kxg5
53. Kf2 Bg4 54. c5 Rf6+ 55. Kg3 Bf5 56. Qg8+ Rg6 57. Qd5 Kf6+ 58. Kf4 Rg4+ 59.
Kf3 Rg7 60. Qd6+ Kg5 61. c6 Rg8 62. Kg2 Kh5+ 63. Kf2 Kg5 64. Qd2+ Kf6 65. c7
Rc8 66. Qc3+ Ke6 {Time forfeit} 0-1

[Event "Rated Blitz game"]
[Site "?"]
[Date "2021.02.22"]
[Round "?"]
[White "lederman"]
[Black "TeddyWinters"]
[Result "1-0"]
[WhiteElo "2426"]
[BlackElo "2509"]
[PlyCount "97"]
[EventDate "2021.??.??"]
[EventType "blitz"]
[TimeControl "180+2"]

1. e4 e5 2. Nc3 Nf6 3. Nf3 Nc6 4. Nxe5 Nxe5 5. d4 Ng6 6. e5 Ng8 7. f4 d6 8. Bd3
dxe5 9. dxe5 Nh6 10. Be3 Bb4 11. Qd2 Nf5 12. O-O-O c6 13. Bf2 Qa5 14. g4 Nfe7
15. f5 Nxe5 16. Qf4 Nxd3+ 17. Rxd3 O-O 18. f6 Ng6 19. Qe4 Bxc3 20. Rxc3 Qg5+
21. Kb1 Qxf6 22. Bd4 Qe6 23. Qd3 Qxg4 24. Rg1 Qf5 25. Qg3 Be6 26. h4 h5 27. Rf3
Qd5 28. Qf2 Qxa2+ 29. Kc1 Rad8 30. b3 Bg4 31. Rfg3 Qa3+ 32. Bb2 Qd6 33. Kb1 Qf4
34. Qxa7 Rd1+ 35. Ka2 Rxg1 36. Rxg1 Re8 37. Qxb7 Kh7 38. Qxc6 Re5 39. Bxe5 Nxe5
40. Qc7 Qf5 41. Re1 f6 42. Qc3 Qd7 43. Kb2 Kh6 44. Qe3+ Kh7 45. Qc3 Be6 46. Re4
Qb7 47. Rd4 Nc6 48. Rd6 Bd7 49. Qd3+ {Time forfeit} 1-0

[Event "Rated Blitz game"]
[Site "?"]
[Date "2021.02.22"]
[Round "?"]
[White "lederman"]
[Black "Verdik"]
[Result "1-0"]
[WhiteElo "2445"]
[BlackElo "2414"]
[PlyCount "77"]
[EventDate "2021.??.??"]
[EventType "blitz"]
[TimeControl "180+2"]

1. e4 e5 2. Nf3 Nc6 3. Nc3 Nf6 4. Nxe5 Nxe5 5. d4 Nc6 6. d5 Ne5 7. f4 Ng6 8. e5
Ng8 9. Be3 d6 10. Bb5+ Bd7 11. Qe2 c6 12. Ba4 cxd5 13. exd6 Bxd6 14. Bc5+ Be7
15. f5 Bxa4 16. fxg6 hxg6 17. O-O-O Bc6 18. Rhe1 Kf8 19. Bd4 Nf6 20. h3 Bd6 21.
Kb1 Rh5 22. g4 Rh8 23. g5 Nh5 24. Nxd5 Bxd5 25. Bxg7+ Nxg7 26. Rxd5 Nf5 27. Qd2
Qc7 28. c4 Rc8 29. c5 Bf4 30. Qc3 Kg8 31. Qf6 Rxh3 32. a3 Re3 33. Rh1 Ng7 34.
Rhd1 Ree8 35. Rd7 Qe5 36. Qxf7+ Kh8 37. Rh1+ Bh2 38. Rxh2+ Qxh2 39. Qxg7# {
Normal} 1-0

[Event "Rated Blitz game"]
[Site "?"]
[Date "2021.02.22"]
[Round "?"]
[White "sosforlove"]
[Black "Congoman"]
[Result "1-0"]
[WhiteElo "2447"]
[BlackElo "2303"]
[PlyCount "59"]
[EventDate "2021.??.??"]
[EventType "blitz"]
[TimeControl "180"]

1. e4 e5 2. Nf3 Nf6 3. Nc3 Nc6 4. Nxe5 Nxe5 5. d4 Ng6 6. e5 Ng8 7. Bc4 d5 8.
Bxd5 c6 9. Bb3 Be6 10. Bxe6 fxe6 11. Qg4 Qd7 12. h4 O-O-O 13. Be3 Bb4 14. h5
N6e7 15. O-O-O Bxc3 16. bxc3 Nd5 17. Bg5 Rf8 18. c4 Rxf2 19. Qg3 Rf5 20. cxd5
Qxd5 21. Kb2 h6 22. Bc1 Qb5+ 23. Ka1 Ne7 24. Qxg7 Re8 25. Qxh6 Nd5 26. Qd2 Qa4
27. h6 Nb4 28. c3 Nc2+ 29. Kb2 Ne3 30. Qxe3 {Time forfeit} 1-0

[Event "Rated Blitz game"]
[Site "?"]
[Date "2021.02.22"]
[Round "?"]
[White "vladlitus"]
[Black "SmallStakes"]
[Result "0-1"]
[WhiteElo "2405"]
[BlackElo "2448"]
[PlyCount "144"]
[EventDate "2021.??.??"]
[EventType "blitz"]
[TimeControl "180"]

1. e4 e5 2. Nc3 Nf6 3. Nf3 Nc6 4. Nxe5 Nxe5 5. d4 Ng6 6. e5 Ng8 7. Bc4 d5 8.
Bxd5 N8e7 9. Be4 c6 10. f4 Bf5 11. O-O Qd7 12. Be3 O-O-O 13. Qf3 Bxe4 14. Nxe4
Nd5 15. Bd2 f5 16. Ng3 Be7 17. c4 Nb6 18. Qc3 Qxd4+ 19. Qxd4 Rxd4 20. Be3 Rd3
21. Nxf5 Rf8 22. Bxb6 axb6 23. Nxe7+ Nxe7 24. g3 g6 25. Rad1 Rfd8 26. Rxd3 Rxd3
27. Rf2 Kd7 28. Kg2 Ke6 29. h3 h5 30. Rf3 Rd2+ 31. Rf2 Rd4 32. b3 Nf5 33. g4
hxg4 34. hxg4 Ne3+ 35. Kf3 Nd1 36. Rh2 Nc3 37. Rh6 Rd3+ 38. Kg2 Kf7 39. Rh7+
Kg8 40. Rxb7 Ne4 41. f5 Rg3+ 42. Kh2 Rxg4 43. f6 Rf4 44. Rxb6 c5 45. Rb7 Ng5
46. a4 Re4 47. Rg7+ Kf8 48. Rxg6 Nf7 49. Rg2 Rxe5 50. Ra2 Nd6 51. a5 Nc8 52. a6
Na7 53. Ra5 Kf7 54. Kg3 Kxf6 55. b4 cxb4 56. Ra4 b3 57. Rb4 Re3+ 58. Kf4 Rc3
59. Rb6+ Ke7 60. Rb7+ Kd6 61. Rxa7 Rxc4+ 62. Ke3 Rb4 63. Rh7 b2 64. a7 b1=Q 65.
a8=Q Qb3+ 66. Kf2 Rf4+ 67. Kg2 Qc2+ 68. Kg3 Qf2+ 69. Kh3 Rf3+ 70. Kg4 Qg3+ 71.
Kh5 Rf5+ 72. Kh6 Qg5# {Normal} 0-1

[Event "Rated Blitz game"]
[Site "?"]
[Date "2021.02.22"]
[Round "?"]
[White "lederman"]
[Black "Verdik"]
[Result "0-1"]
[WhiteElo "2444"]
[BlackElo "2415"]
[PlyCount "46"]
[EventDate "2021.??.??"]
[EventType "blitz"]
[TimeControl "180+2"]

1. e4 e5 2. Nf3 Nc6 3. Nc3 Nf6 4. Nxe5 Nxe5 5. d4 Nc6 6. d5 Ne5 7. f4 Ng6 8. e5
Ng8 9. Be3 Bb4 10. Qd4 c5 11. Qe4 Bxc3+ 12. bxc3 Qa5 13. Bd2 d6 14. exd6+ Kf8
15. f5 Nf6 16. Qe2 Bxf5 17. Qf2 Re8+ 18. Be2 Bg4 19. O-O Rxe2 20. Qg3 Rxd2 21.
Rae1 Qd8 22. Rxf6 gxf6 23. Qxg4 Rxd5 {Normal} 0-1